Statistics for Paldea Pokémon

Click here to take the quiz!

General Stats

  • This quiz has been taken 306 times
    (296 since last reset)
  • The average score is 196 of 400

Answer Stats

No.TypePokémon% Correct
#001GrassSprigatito
90%
#004
Fire
Fuecoco
88%
#007WaterQuaxly
84%
#003Grass/DarkMeowscarada
79%
#002GrassFloragato
78%
#400Dragon/ElectricMiraidon
77%
#009Water/FightingQuaquaval
77%
#399Dragon/FightingKoraidon
76%
#006Fire/GhostSkeledirge
75%
#010NormalLechonk
74%
#022ElectricPawmi
72%
#023Electric/FightingPawmo
71%
#005FireCrocalor
70%
#024Electric/FightingPawmot
69%
#011NormalOinkologne
68%
#053Poison/GroundWooper
68%
#054Poison/GroundClodsire
67%
#013BugSpidops
67%
#179NormalEevee
66%
#182FireFlareon
66%
#008
Water
Quaxwell
66%
#183PsychicEspeon
65%
#068Ghost/PoisonGastly
65%
#070Ghost/PoisonGengar
65%
#069Ghost/PoisonHaunter
65%
#181ElectricJolteon
65%
#015Bug/DarkLokix
65%
#184DarkUmbreon
65%
#180WaterVaporeon
65%
#288WaterWiglett
65%
#289WaterWugtrio
65%
#064Psychic/FairyGardevoir
64%
#060Normal/FairyJigglypuff
64%
#185GrassLeafeon
64%
#074ElectricPikachu
64%
#075ElectricRaichu
64%
#062Psychic/FairyRalts
64%
#061Normal/FairyWigglytuff
64%
#020Fire/FlyingFletchinder
63%
#019Normal/FlyingFletchling
63%
#186IceGlaceon
63%
#063Psychic/FairyKirlia
63%
#014BugNymble
63%
#073ElectricPichu
63%
#021Fire/FlyingTalonflame
63%
#016Grass/FlyingHoppip
62%
#018Grass/FlyingJumpluff
62%
#017Grass/FlyingSkiploom
62%
#187FairySylveon
62%
#012BugTarountula
62%
#177Electric/FlyingWattrel
62%
#160Fighting/GhostAnnihilape
61%
#065Psychic/FightingGallade
61%
#376Ground/FightingGreat Tusk
61%
#059Normal/FairyIgglybuff
61%
#278Dragon/FlyingSalamence
61%
#084Grass/NormalSmoliv
61%
#178Electric/FlyingKilowattrel
60%
#158FightingMankey
60%
#276DragonBagon
59%
#047Water/FairyMarill
59%
#159FightingPrimeape
59%
#277DragonShelgon
59%
#281Fairy/SteelTinkaton
59%
#390Dragon/IceBaxcalibur
58%
#042Flying/SteelCorviknight
58%
#076FairyFidough
58%
#128Dragon/GroundGarchomp
58%
#391GhostGimmighoul
58%
#026Dark/FireHoundoom
58%
#025Dark/FireHoundour
58%
#382Ground/SteelIron Treads
58%
#375Dragon/WaterTatsugiri
58%
#048Water/FairyAzumarill
57%
#165FireCharcadet
57%
#127Dragon/GroundGabite
57%
#126Dragon/GroundGible
57%
#384Fighting/ElectricIron Hands
57%
#398Fairy/FightingIron Valiant
57%
#369Dark/SteelKingambit
57%
#316Rock/GroundLarvitar
57%
#040FlyingRookidee
57%
#244Ground/GrassToedscool
57%
#046Normal/FairyAzurill
56%
#167Fire/GhostCeruledge
56%
#041FlyingCorvisquire
56%
#374WaterDondozo
56%
#135Water/FlyingGyarados
56%
#134WaterMagikarp
56%
#114GhostMisdreavus
56%
#115GhostMismagius
56%
#317Rock/GroundPupitar
56%
#397Dragon/DarkRoaring Moon
56%
#377Fairy/PsychicScream Tail
56%
#279Fairy/SteelTinkatink
56%
#245Ground/GrassToedscruel
56%
#318Rock/DarkTyranitar
56%
#370Dark/DragonDeino
55%
#348DragonDragonair
55%
#347DragonDratini
55%
#193Normal/PsychicFarigiraf
55%
#346Flying/FightingFlamigo
55%
#311GhostGreavard
55%
#372Dark/DragonHydreigon
55%
#274Bug/FireLarvesta
55%
#275Bug/FireVolcarona
55%
#166Fire/PsychicArmarouge
54%
#349Dragon/FlyingDragonite
54%
#383Ice/WaterIron Bundle
54%
#120Poison/FireSalandit
54%
#121Poison/FireSalazzle
54%
#198Poison/ElectricToxel
54%
#371Dark/DragonZweilous
54%
#168Water/GroundBarboach
53%
#085Grass/NormalDolliv
53%
#392Ghost/SteelGholdengo
53%
#192Normal/PsychicGirafarig
53%
#203Poison/NormalGrafaiai
53%
#301Fighting/FlyingHawlucha
53%
#387Rock/ElectricIron Thorns
53%
#129RockNacli
53%
#100Varies/FlyingOricorio
53%
#367Dark/SteelPawniard
53%
#163FightingRiolu
53%
#261Bug/SteelScizor
53%
#199Poison/ElectricToxtricity
53%
#373Water/PsychicVeluza
53%
#169Water/GroundWhiscash
53%
#108Grass/DragonApplin
52%
#086Grass/NormalArboliva
52%
#368Dark/SteelBisharp
52%
#189NormalDudunsparce
52%
#359Ice/GhostFroslass
52%
#386Fire/PoisonIron Moth
52%
#164Fighting/SteelLucario
52%
#232Dark/FlyingMurkrow
52%
#251Grass/FireScovillain
52%
#260Bug/FlyingScyther
52%
#230Dark/IceSneasel
52%
#357IceSnorunt
52%
#231Dark/IceWeavile
52%
#110Grass/DragonAppletun
51%
#362IceCetitan
51%
#394Dark/IceChien-Pao
51%
#119Fighting/IceCrabominable
51%
#077FairyDachsbun
51%
#109Grass/DragonFlapple
51%
#388Dragon/IceFrigibax
51%
#358IceGlalie
51%
#287Dark/FairyGrimmsnarl
51%
#233Dark/FlyingHonchkrow
51%
#385Dark/FlyingIron Jugulis
51%
#209Electric/SteelMagnemite
51%
#210Electric/SteelMagneton
51%
#211Electric/SteelMagnezone
51%
#133Water/FlyingPelipper
51%
#302Ghost/DarkSpiritomb
51%
#049Bug/WaterSurskit
51%
#280Fairy/SteelTinkatuff
51%
#176Poison/FightingToxicroak
51%
#293Poison/SteelVaroom
51%
#132Water/FlyingWingull
51%
#353Grass/IceAbomasnow
50%
#389Dragon/IceArctibax
50%
#290Flying/DarkBombirdier
50%
#242Grass/GhostBramblin
50%
#118FightingCrabrawler
50%
#175Poison/FightingCroagunk
50%
#295Dragon/NormalCyclizar
50%
#200Electric/FairyDedenne
50%
#307Dragon/GhostDragapult
50%
#306Dragon/GhostDrakloak
50%
#305Dragon/GhostDreepy
50%
#188NormalDunsparce
50%
#379Ghost/FairyFlutter Mane
50%
#174DragonGoodra
50%
#172DragonGoomy
50%
#312GhostHoundstone
50%
#285Dark/FairyImpidimp
50%
#249RockKlawf
50%
#224Fire/NormalLitleo
50%
#050Bug/FlyingMasquerain
50%
#286Dark/FairyMorgrem
50%
#225Fire/NormalPyroar
50%
#255Bug/PsychicRabsca
50%
#254BugRellor
50%
#297Dark/GhostSableye
50%
#202Poison/NormalShroodle
50%
#337Poison/WaterSkrelp
50%
#173DragonSliggoo
50%
#352Grass/IceSnover
50%
#097Normal/FlyingStarly
50%
#223FightingTauros
50%
#393Dark/GrassWo-Chien
50%
#243Grass/GhostBrambleghast
49%
#378Grass/DarkBrute Bonnet
49%
#093Rock/FireCoalossal
49%
#148GroundDiglett
49%
#149GroundDugtrio
49%
#131RockGarganacl
49%
#240Steel/FairyKlefki
49%
#294Poison/SteelRevavroom
49%
#091RockRolycoly
49%
#099Normal/FlyingStaraptor
49%
#154Steel/PsychicBronzong
48%
#153Steel/PsychicBronzor
48%
#250GrassCapsakid
48%
#092Rock/FireCarkol
48%
#354Ice/FlyingDelibird
48%
#338Poison/DragonDragalge
48%
#145FairyFlabébé
48%
#146FairyFloette
48%
#147FairyFlorges
48%
#222GrassGogoat
48%
#282PsychicHatenna
48%
#284Psychic/FairyHatterene
48%
#162Fighting/PsychicMedicham
48%
#161Fighting/PsychicMeditite
48%
#296SteelOrthworm
48%
#381Electric/GroundSandy Shocks
48%
#324Water/PsychicSlowpoke
48%
#113Normal/FlyingSquawkabilly
48%
#098Normal/FlyingStaravia
48%
#395Dark/GroundTing-Lu
48%
#171ElectricBellibolt
47%
#190Normal/GrassDeerling
47%
#123GroundDonphan
47%
#144Ghost/FlyingDrifblim
47%
#143Ghost/FlyingDrifloon
47%
#283
PsychicHattrem
47%
#304Dragon/FlyingNoivern
47%
#122GroundPhanpy
47%
#191Normal/GrassSawsbuck
47%
#221GrassSkiddo
47%
#080NormalSlaking
47%
#325Water/PsychicSlowbro
47%
#326Water/PsychicSlowking
47%
#036BugSpewpa
47%
#246Grass/FlyingTropius
47%
#220Dragon/FlyingAltaria
46%
#045NormalBlissey
46%
#361IceCetoddle
46%
#044NormalChansey
46%
#057WaterChewtle
46%
#058Water/RockDrednaw
46%
#043NormalHappiny
46%
#197DarkMabosstiff
46%
#130RockNaclstack
46%
#303Dragon/FlyingNoibat
46%
#035BugScatterbug
46%
#078NormalSlakoth
46%
#380Bug/FightingSlither Wing
46%
#219Normal/FlyingSwablu
46%
#252GrassCacnea
45%
#253Grass/DarkCacturne
45%
#396Dark/FireChi-Yu
45%
#340WaterClawitzer
45%
#056WaterGolduck
45%
#117FightingHariyama
45%
#262Bug/FightingHeracross
45%
#268Ground/DarkKrokorok
45%
#269Ground/DarkKrookodile
45%
#313Normal/PsychicOranguru
45%
#055WaterPsyduck
45%
#226Poison/DarkStunky
45%
#170ElectricTadbulb
45%
#079NormalVigoroth
45%
#037Bug/FlyingVivillon
45%
#152Fire/GroundCamerupt
44%
#339WaterClauncher
44%
#066PsychicDrowzee
44%
#264PsychicEspathra
44%
#308Rock/PoisonGlimmet
44%
#234PsychicGothita
44%
#236PsychicGothitelle
44%
#235PsychicGothorita
44%
#067PsychicHypno
44%
#116FightingMakuhita
44%
#196DarkMaschiff
44%
#239Ghost/FairyMimikyu
44%
#151Fire/GroundNumel
44%
#201ElectricPachirisu
44%
#267Ground/DarkSandile
44%
#227Poison/DarkSkuntank
44%
#350Ice/BugSnom
44%
#217NormalZangoose
44%
#206Grass/PoisonAmoonguss
43%
#155DragonAxew
43%
#205Grass/PoisonFoongus
43%
#309Rock/PoisonGlimmora
43%
#157DragonHaxorus
43%
#141NormalMeowth
43%
#142NormalPersian
43%
#238GhostPolteageist
43%
#218PoisonSeviper
43%
#237GhostSinistea
43%
#150FireTorkoal
43%
#299GhostBanette
42%
#356IceBeartic
42%
#087RockBonsly
42%
#355IceCubchoo
42%
#342ElectricEelektrik
42%
#343ElectricEelektross
42%
#263PsychicFlittle
42%
#095ElectricLuxio
42%
#096ElectricLuxray
42%
#314FightingPassimian
42%
#310Electric/VariesRotom
42%
#094ElectricShinx
42%
#106GrassShroomish
42%
#298GhostShuppet
42%
#088RockSudowoodo
42%
#215NormalTeddiursa
42%
#341ElectricTynamo
42%
#216NormalUrsaring
42%
#228DarkZorua
42%
#107Grass/FightingBreloom
41%
#156DragonFraxure
41%
#351Ice/BugFrosmoth
41%
#229DarkZoroark
41%
#330Water/IceCloyster
40%
#258BugPineco
40%
#331Water/PoisonQwilfish
40%
#089RockRockruff
40%
#329WaterShellder
40%
#039Bug/FlyingVespiquen
40%
#038Bug/FlyingCombee
39%
#360IceCryogonal
39%
#208ElectricElectrode
39%
#291WaterFinizen
39%
#090RockLycanroc
39%
#195PoisonMuk
39%
#292WaterPalafin
39%
#323Ghost/GroundPalossand
39%
#322Ghost/GroundSandygast
39%
#071NormalTandemaus
39%
#207ElectricVoltorb
39%
#335Water/PsychicBruxish
38%
#125SteelCopperajah
38%
#212NormalDitto
38%
#320IceEiscue
38%
#259Bug/SteelForretress
38%
#030NormalGreedent
38%
#194PoisonGrimer
38%
#072NormalMaushold
38%
#365Normal/FlyingRufflet
38%
#082GrassSteenee
38%
#214FireArcanine
37%
#081GrassBounsweet
37%
#366Normal/FlyingBraviary
37%
#124SteelCufant
37%
#213FireGrowlithe
37%
#241Psychic/NormalIndeedee
37%
#029NormalSkwovet
37%
#083GrassTsareena
37%
#051WaterBuizel
36%
#027NormalYungoos
36%
#136WaterArrokuda
35%
#052WaterFloatzel
35%
#139PoisonGulpin
35%
#028NormalGumshoos
35%
#265GroundHippopotas
35%
#266GroundHippowdon
35%
#344Poison/WaterMareanie
35%
#321ElectricPincurchin
35%
#319RockStonjourner
35%
#140PoisonSwalot
35%
#345Poison/WaterToxapex
35%
#364IceAvalugg
34%
#137WaterBarraskewda
34%
#363IceBergmite
34%
#328Water/GroundGastrodon
34%
#104GrassPetilil
34%
#327WaterShellos
34%
#105GrassLilligant
33%
#271GroundSandaconda
33%
#270GroundSilicobra
33%
#032GrassSunflora
33%
#031GrassSunkern
33%
#336WaterAlomomola
32%
#256Bug/PoisonVenonat
32%
#103ElectricAmpharos
31%
#333WaterFinneon
31%
#102ElectricFlaaffy
31%
#247GrassFomantis
31%
#033BugKricketot
31%
#034BugKricketune
31%
#248GrassLurantis
31%
#101ElectricMareep
31%
#257Bug/PoisonVenomoth
31%
#138WaterBasculin
30%
#334WaterLumineon
30%
#332WaterLuvdisc
30%
#272GroundMudbray
30%
#273GroundMudsdale
30%
#204NormalStantler
30%
#112PsychicGrumpig
29%
#111PsychicSpoink
29%
#300FightingFalinks
27%
#315NormalKomala
27%

Score Distribution

Percentile by Number Answered

Percent of People with Each Score

Your Score History

You have not taken this quiz since the last reset